000 01000nam a2200265Ia 4500
003 OSt
005 20221005110313.0
006 a|||||r|||| 00| 0
007 ta
008 221004b |||||||| |||| 00| 0 hin d
020 _a8185999716 (hbk)
_c695
024 _a20581
037 _b493, 25/03/2015, Swaraj Prakashan
_cTextual
040 _aCRL
_cCRL
_bhin
041 _2hin
_ahin
082 _aO152:g, P4
100 _aशर्मा, कृष्णदत्त, संपा.
245 0 _aसाहित्य इतिहास और आधुनिक बोध
246 _aSāhitya itihās aur ādhunik bodha
260 _aनई दिल्ली
_bस्वराज प्रकाशन भारत
_c2004
300 _a478पृ0
_ccm.
650 _aहिन्दी साहित्य
942 _hO152:g, P4
_cTEXL
_2cc
999 _c1018398
_d1018398